Kardyni-Pelikánová, Krystyna. Czesko-polskie spotkania literackie. - Brno : Masarykova univerzita. - 2000 [Rezension]

Titel: Kardyni-Pelikánová, Krystyna. Czesko-polskie spotkania literackie. - Brno : Masarykova univerzita. - 2000 [Rezension]
Verfasser:
In: Slavia, Band 73 (2004), Seite 95-98
alle Artikel anzeigen
Veröffentlicht: 2004
Format: Aufsatz
Sprache: Tschechisch
Kein Bild verfügbar
X
alg: 39517578
001A    $01999:12-11-16 
001B    $01999:09-08-21 $t17:42:06.000 
001D    $01999:12-11-16 
001U    $0utf8 
001X    $00 
002@    $0Aox 
003@    $039517578X 
007A    $039517578X $aHEB 
007T    $0Herdp26643 
010@    $acze 
011@    $a2004 
021A    $aKardyni-Pelikánová, Krystyna. Czesko-polskie spotkania literackie. - Brno : Masarykova univerzita. -  2000 [Rezension] 
028A    $aVítková $dDana 
031A    $d73 $h95-98 $j2004 
039B    $aIn $8--Abvc--. Slavia. - Praha : Euroslavica, 1922-. - ISSN 0037-6736 $x200400000730000905 $9047278633 
039T    $8--Aax--Kardyni-Pelikánová, Krystyna. Czesko-polskie spotkania literackie. - Brno : Masarykova univerzita, 2000. - 198 s. $9395490529 
045F    $a900.94371 $eDDC23BSB 
045F/01 $a900 
045F/03 $g4371 
045T    $a7,39 
045T    $aAVL $qDE-30 $2FID 

lok: 39517578 78

exp: 39517578 78 1 #EPN
201B/01 $026-11-17 $t04:05:48.000 
201U/01 $0utf8 
203@/01 $0791483940 
208@/01 $a12-11-16 $be 
209A/01 $a/ $f000 $x00 
220C/01 $aHerkunft: Hú Av Čr Praha 
244Z/01 $#Tschechien $#Tschechische Republik $#Tschechische Republik $#Tschechenland $#Tschechei Tschechien $#Česká Republika $#Czech Republic $#ČR $74303381-7 $8--Tg1--Tschechien $x01 $9086659812 
244Z/01 $2Trx $#Böhmen $#Bohemia $#Czechy $8--Trx--Čechy $x02 $9391188941 
244Z/01 $2Trx $#arvustused $#recenzijos $#Reviews $#recenziók $#recenzje $#recenzie $#recenze $8--Trx--Rezensionen $x03 $9391357441 
247C/01 $82080>Marburg/Lahn, Herder-Institut, Forschungsbibliothek, Bibliographieportal $9336309341
LEADER 00000caa a22000002c 4500
001 39517578X
003 DE-603
005 20210809174206.0
007 tu
008 161112s2004 xx |||| | u00||u|cze c
035 |a (DE-599)HEB39517578X 
040 |a DE-603  |b ger  |c DE-603  |d DE-603 
041 |a cze 
082 0 4 |8 1\u  |a 900.94371  |q DE-101  |2 23/BSB 
084 |a 7,39  |2 ssgn 
084 |a AVL  |q DE-30  |2 fid 
085 |8 1\u  |b 900 
085 |8 1\u  |z 2  |s 4371 
100 1 |a Vítková, Dana 
245 0 0 |a Kardyni-Pelikánová, Krystyna. Czesko-polskie spotkania literackie. - Brno : Masarykova univerzita. - 2000 [Rezension] 
264 0 |c 2004 
773 0 8 |i In  |t Slavia  |d Praha : Euroslavica, 1922-  |h 24 cm  |x 0037-6736  |g Band 73 (2004), Seite 95-98  |w (DE-603)047278633  |w (DE-600)204528-X 
787 0 8 |i Rezension von  |a Kardyni-Pelikánová, Krystyna  |t Czesko-polskie spotkania literackie  |d Brno : Masarykova univerzita, 2000  |h 198 s.  |w (DE-603)395490529 
924 0 |9 2080  |a (DE-603)791483940  |b DE-2080  |c HES  |d d  |g /